000 01710cam a2200373 a 4500
001 EDZ0000018881
003 StDuBDS
005 20161031105217.0
006 m||||||||d||||||||
007 cr |||||||||||
008 101217s2008 caua fo| 001|0|eng d
020 _a9781848607927 (ebook) :
_cNo price
040 _aStDuBDS
_beng
_cStDuBDS
_epn
049 _aAlfaisal Main Library
050 0 _aBF76.5
_b.S23 2008
082 0 4 _a150.72
_223
245 0 4 _aThe SAGE handbook of qualitative research in psychology
_h[electronic resource] /
_cedited by Carla Willig and Wendy Stainton-Rogers.
246 3 0 _aQualitative research in psychology
260 _aLos Angeles, [Calif.] ;
_aLondon :
_bSAGE,
_c2008.
300 _a1 online resource (xxix, 631 p.) :
_bill.
520 8 _aThis handbook covers the qualitative methods used in psychology combining 'how-to-do-it' summaries with examination of historical and theoretical foundations. Examples from recent research are used to illustrate how each method has been applied, the data analysed and the insights gained.
521 _aSpecialized.
588 _aDescription based on print version record.
504 _aIncludes bibliographical references and index.
650 0 _aPsychology
_xQualitative research.
655 7 _aElectronic books.
_2local
700 1 _aWillig, Carla,
_d1964-
700 1 _aStainton Rogers, Wendy.
710 2 _aSage eBooks
776 0 8 _iPrint version :
_z9781412907804
856 4 0 _3SAGE research methods
_uhttp://methods.sagepub.com/book/the-sage-handbook-of-qualitative-research-in-psychology
856 4 0 _uhttp://ezproxy.alfaisal.edu/login?url=http://sk.sagepub.com/reference/hdbk_qualpsych
942 _2lcc
_cEBOOKS
999 _c481752
_d481752